LEADER 01479nam a2200325 u 4500 001 000000005907 003 CaOOAMICUS 005 20070226104820.0 008 940929s1958 fr abe u000 u fre u 035 $a10150663 040 $aTxHR$bita$cTxHR$dCU 041 1 $afre$hger 100 1 $aJirku, Anton,$d1885-$0(OLS)http://pul/name/6052 240 10$aWelt der Bibel.$lFrancese.$0(OLS)http://pul/title/8660 245 13$aLe monde de la Bible /$cAnton jirku ; traduit de l'allemand par Lilly Jumel. 260 $aParis :$bEd. Corrêa,$cc1958. 300 $a253 p., [56] p. di tav., [2] c. di tav. :$bill., c. geogr., piante ;$c26 cm 490 1 $aGrandes civilisations de l'antiquité 504 $aBibliography: p. 251-253. 630 00$aBible$xAntiquities.$2//eng$0(OLS)http://pul/subject/4249 630 00$aBible$xHistory of Biblical events.$2//eng$0(OLS)http://pul/subject/5445 651 0$aPalestine$xHistory$yTo 70 A.D.$2//eng$0(OLS)http://pul/subject/3873 651 0$aSyria$xHistory.$2//eng$0(OLS)http://pul/subject/5446 830 0$aGrandes civilisations de l'antiquité.$0(OLS)http://pul/title/8662 850 $aPUL 852 $aPUL$W1$xSL Religione 1$y3$m1 H 3$j8399$nBK-PRI$b $qStampati$B8399$CPULBib$Z2$F8399 $H $81 941 1 $a8 961 $aINV: 119. -- Fondo Mons. Cecchetti 996 $6245$aLe monde de la Bible$9(OLS)http://pul/title/8661 996 $6260$aParis :$bEd. Corrêa$9(OLS)http://pul/publisher/51051 LEADER 00977naa a2200229 u 4500 001 000000094028 003 CaOOAMICUS 005 20100125134935.0 008 010724m19881996fr u000 u fre u 035 $a10898392 040 $aPUL(R)$bita 100 1 $aMalintoppi, Antonio.$0(OLS)http://pul/name/29440 245 14$aLes rapports de travail en droit international privé /$cpar Antonio Mallintoppi. 260 $a[S. l. :$bs. n.],$c1988-1996. 300 $aP. [331-394] 504 $aBibliografia in nota. 650 4$aDiritto internazionale privato.$0(OLS)http://pul/subject/2921 650 4$aDiritto internazionale del lavoro.$0(OLS)http://pul/subject/29452 773 0 $tRecueil des cours$gv.V (1987) 773 0 $tRecueil des cours 1987 : collected courses of The Hague Academy of International Law$w()60487 996 $6245$aLes rapports de travail en droit international privé$9(OLS)http://pul/title/120885 996 $6260$a[S. l. :$bs. n.]$9(OLS)http://pul/publisher/47882